The Beatles - Who has sing the song? - Statistics

General Stats
  • This quiz has been taken 702 times
  • The average score is 24 of 36
Answer Stats
Song Name % Correct
Hey Jude Paul McCartney
100%
Strawberry Fields Forever John Lennon
98%
Let It Be Paul McCartney
98%
Hey Jude Paul McCartney
97%
Something George Harrison
96%
Come Together John Lennon
96%
All You Need Is Love John Lennon
96%
Yesterday Paul McCartney
96%
Don´t Let Me Down John Lennon
95%
I Want To Hold Your Hand Paul McCartney
95%
If I Needed Someone George Harrison
91%
Help! John Lennon
88%
Yellow Submarine Ringo Starr
88%
Here Comes The Sun George Harrison
87%
Hello, Goodbye Paul McCartney
87%
While My Guitar Gently Weeps George Harrison
85%
Twist and Shout John Lennon
77%
Octopus´s Garden Ringo Starr
71%
Blue Jay Way George Harrison
63%
Taxman George Harrison
62%
I´ve Got A Feeling John and Paul
61%
We Can Work It Out John and Paul
61%
Eight Days a Week Paul McCartney
59%
And I Love Her Paul McCartney
59%
Abbey Road Medley John and Paul
56%
A Hard Day´s Night John and Paul
48%
Yer Blues John Lennon
41%
Lady Madonna Paul McCartney
41%
I Wanna Be Your Man Ringo Starr
39%
This Boy John Lennon
36%
Ticket To Ride John Lennon
34%
Love Me Do John and Paul
31%
Paperback Writer Paul McCartney
27%
Michelle Paul McCartney
26%
What Goes On Ringo Starr
24%
Rain John Lennon
23%
No matching quizzes found
Score Distribution
Percent of People with Each Score
Percentile by Number Answered
Your Score History
You have not taken this quiz